• 首页
  • 本馆介绍
  • 公告通知
  • 最新文献
  • 馆藏检索
  • 电子资源
  • 读者导购
  • 参考咨询
  • 我的图书馆
  • 登录
  • 详细信息显示
  • 放入我的书架
  • 预约/预借图书
  • 作者相关作品
  • 分类相关作品
  • 丛书相关作品
  • 出版社相关作品

书目信息

  • 表格格式
  • 工作单格式
  • 卡片格式
题名:
中国革命历史故事
    
 
作者: 俞沛铭 编著
分册: 二  
出版信息: 北京   中国少年儿童出版社  1981.5
页数: 116页
开本:
丛书名: 少年百科丛书
单 册:
中图分类: I287.51
科图分类:
主题词: 儿童文学--中国 , 儿童文学--中国--丛书
电子资源:
ISBN:
000 00652nam0 2200229 45
001 0312221749
005 20040409084140.8
010    @dCNY0.25
091    @aR11056.90
100    @a20031222d1981 km y0chiy0120 ea
101    @achi
105    @a z 000yy
200 1  @a中国革命历史故事@h二@AZhong Guo Ge Ming Li Shi Gu Shi@f俞沛铭编著@FYu Pei Ming Bian Zhu
210    @a北京@c中国少年儿童出版社@d1981.5
215    @a116页@c插图:肖?d20cm
225 2  @a少年百科丛书
606 0  @a儿童文学@x中国
606 0  @a儿童文学@x中国@x丛书
690    @aI287.51@v3
701 0  @a俞沛铭@4编著
801    @aCN@bTSTCL@c20031222
905    @dI287.51@e156:2@f1@b61841
    
    中国革命历史故事.二/俞沛铭编著.-北京:中国少年儿童出版社,1981.5
    116页:插图:肖?d20cm.-(少年百科丛书)
    
    
    ISBN :CNY0.25
    
●
相关链接 在E读中查询图书 在五车中查询图书 在当当中查询图书 在豆瓣中查询图书


正题名:中国革命历史故事     索取号:I287.51/156:2         预约/预借

序号 登录号 条形码 馆藏地/架位号 状态 备注
1 0061841   000895053   密集书库/ [索取号:I287.51/156:2] 在馆    
2 0061842   000895071   密集书库/ [索取号:I287.51/156:2] 在馆    
3 0061844   001924546   密集书库/ [索取号:I287.51/156:2] 在馆    
4 0061845   001614550   密集书库/ [索取号:I287.51/156:2] 在馆    
5 0174489   001614541   密集书库/ [索取号:I287.51/156:2] 在馆    
6 0174490   000895080   第二借阅区/ [索取号:I287.51/156:2] 在馆    
7 0174491   000895026   密集书库/ [索取号:I287.51/156:2] 在馆    
8 0174492   000895035   密集书库/ [索取号:I287.51/156:2] 在馆    
9 0174493   000895062   第一样本阅览室/ [索取号:I287.51/156:2] 在馆    
唐山师范学院图书馆 欢迎您!
大连网信软件有限公司© 版权所有